| 000 | 00617nam a2200205 a 4500 | ||
|---|---|---|---|
| 005 | 20210223120905.0 | ||
| 008 | 991125s1987 es 000 0 spa u | ||
| 020 | _a8486235723 | ||
| 035 | _aUPN01000008754 | ||
| 049 | _aLT | ||
| 050 | 4 |
_aLC4001 _bL63 no.10 LE |
|
| 100 | 1 |
_aMonfort, Marc _929360 |
|
| 245 | 1 | 0 |
_aComics para hablar 3 / _cMarc Monfort, Adoración Juárez Sánchez. |
| 260 |
_aMadrid : _bCEPE, _c1987. |
||
| 300 |
_a64 p. : _bil. col. |
||
| 440 | 0 |
_aReeducación logopédica ; _v10 |
|
| 650 | 4 |
_aTERAPEUTICA DEL HABLA _913808 |
|
| 700 | 1 |
_aJuárez Sánchez, Adoración, _ecoaut. _928805 |
|
| 905 | _aLibro | ||
| 999 |
_c8754 _d8754 |
||